Materialismo filosófico y realismo artístico

Zapisane w:
Opis bibliograficzny
Główni autorzy: Sartre, Jean Paul (Autor), Garaudy, Roger (Autor)
Format: Książka
Język:hiszpański
Wydane: Buenos Aires Ediciones Godot 2012
Wydanie:1a. ed
Seria:Colección Exhumaciones
Hasła przedmiotowe:
Etykiety: Dodaj etykietę
Nie ma etykietki, Dołącz pierwszą etykiete!

MARC

LEADER 00000cam a2200000 a 4500
001 UCE1632
003 CL-VaPUC
008 140508e20120000ag |||||||||||||||||spa|d
020 |a 9789871489381 
082 0 4 |a 146.3  |b SAR  |2 21 
100 0 |a Sartre, Jean Paul  |e author  |9 269377 
700 |a Garaudy, Roger  |e author  |9 573992 
245 1 0 |a Materialismo filosófico y realismo artístico 
250 |a 1a. ed 
300 |a 85 p 
942 |c BK 
945 |d 20140508 16:03:00  |a dcastane 
260 |a Buenos Aires  |b Ediciones Godot  |c 2012 
650 0 |a Materialismo  |9 265687 
650 0 |a Escuelas filosóficas   |9 266232 
650 0 |a Naturaleza humana   |9 308593 
583 |a last modification  |c 20140508 16:03:00  |k Rodrigo Vera 
490 0 |a Colección Exhumaciones 
999 |c 355372  |d 355370 
952 |0 0  |1 0  |3 erb  |4 0  |6 146_300000000000000_SAR_2012  |7 0  |8 A  |9 462077  |a BIBEDU  |b BIBEDU  |i 5074487  |o 146.3 SAR 2012  |p 5074487  |r 2019-11-23  |w 2019-11-23  |y BK  |z Catalogado en:20140508  |k FIL